Čo privádza priame zahraničné investície do pobaltských krajín? Prípad Litvy, Lotyšska a Estónska

Teórie o vplyve priamych zahraničných investícií na rast ekonomiky. Skúmanie rôznych daňových systémov a investičných procesov v pobaltských krajinách. Daňový systém Litvy, Lotyšska a Estónska, trendy v priamych zahraničných investíciách a hrubý domáci produkt. Hodnotenie vplyvu daňového systému na...

ver descrição completa

Na minha lista:
Detalhes bibliográficos
Autor principal: Ginevicius, Romualdas
Outros Autores: Tvaronavičiené, Manuela
Formato: Capítulo de Livro
Idioma:eslovaco
Assuntos:
Tags: Adicionar Tag
Sem tags, seja o primeiro a adicionar uma tag!

MARC

LEADER 00000naa$a2200000$$$4500
001 0002397
005 20230929075244.0
041 0 |a slo 
044 |a SK 
245 1 0 |a Čo privádza priame zahraničné investície do pobaltských krajín? Prípad Litvy, Lotyšska a Estónska  |c aut. Romualdas Ginevicius, Manuela Tvaronavičiené 
520 |a Teórie o vplyve priamych zahraničných investícií na rast ekonomiky. Skúmanie rôznych daňových systémov a investičných procesov v pobaltských krajinách. Daňový systém Litvy, Lotyšska a Estónska, trendy v priamych zahraničných investíciách a hrubý domáci produkt. Hodnotenie vplyvu daňového systému na zahraničné investície a rast národných ekonomík mladých tranzitívnych ekonomík. 
610 2 0 |a investície priame zahraničné 
610 2 0 |a systémy daňové 
610 2 0 |a produkt domáci hrubý 
610 2 0 |a Litva 
610 2 0 |a Lotyšsko 
610 2 0 |a Estónsko 
610 2 0 |a reformy daňové 
100 1 |a Ginevicius, Romualdas 
700 1 |a Tvaronavičiené, Manuela